| 000 | 01805cam a22002054a 4500 | ||
|---|---|---|---|
| 005 | 20250605164332.0 | ||
| 008 | 250528s ||||||||||||||||||||||||d | ||
| 035 | _a23270 | ||
| 020 | _a9603994170 | ||
| 040 |
_aGR-AtMCL _bgre _dGR-AtMCL _eAACR2 |
||
| 245 | 1 | _aΦυσιολογία της άσκησης και του αθλητισμού | |
| 260 |
_bΠ.Χ Πασχαλίδης, _c2006 |
||
| 300 | _a734 | ||
| 520 | _aΟι Μύες και η Λειτουργία τους, Νευρολογικός Έλεγχος της Κίνησης, Νευρομυικές Προσαρμογές με την Προπόνηση Αντιστάσεων, Μεταβολισμός και Βασικά Ενεργειακά Συστήματα, Άσκηση και Ορμονική Ρύθμιση, Προπόνηση και Μεταβολικές Προσαρμογές, Καρδιαγγειακός Έλεγχος κατά τη Διάρκεια της Άσκησης, Ρύθμιση της Αναπνοής Κατά τη Διάρκεια της Άσκησης, Προσαρμογή του Καρδιαγγειακού και Αναπνευστικού Συστήματος με την Προπόνηση, Άσκηση σε θερμό και Ψυχρό Περιβάλλον: θερμορύθμιση, Άσκηση σε Υποβαρικό Περιβάλλον, Υπερβαρικό Περιβάλλον και Περιβάλλον Μικροβαρύτητας, Αθλητική Προπόνηση, Διατροφή και Αθλητισμός, Σωματικό Βάρος, Σύσταση Σώματος και Αθλητισμός, Εργογόνα Βοηθήματα και Αθλητισμός | ||
| 700 | 1 |
_aCostill David L _98856 |
|
| 700 | 1 |
_aJack.H. Wilmore _98867 |
|
| 942 | _cBK | ||
| 999 |
_c8299 _d8299 |
||